<?xml version="1.0" encoding="UTF-8"?>
<record
    xmlns:xsi="http://www.w3.org/2001/XMLSchema-instance"
    xsi:schemaLocation="http://www.loc.gov/MARC21/slim http://www.loc.gov/standards/marcxml/schema/MARC21slim.xsd"
    xmlns="http://www.loc.gov/MARC21/slim">

  <leader>01240    a2200241   4500</leader>
  <controlfield tag="003">NUST</controlfield>
  <controlfield tag="005">20221202140608.0</controlfield>
  <datafield tag="010" ind1=" " ind2=" ">
    <subfield code="a">   74180104</subfield>
  </datafield>
  <datafield tag="020" ind1=" " ind2=" ">
    <subfield code="a">0521086280</subfield>
  </datafield>
  <datafield tag="040" ind1=" " ind2=" ">
    <subfield code="c">Nust</subfield>
  </datafield>
  <datafield tag="082" ind1="0" ind2="0">
    <subfield code="a">537,MCK</subfield>
  </datafield>
  <datafield tag="100" ind1="1" ind2=" ">
    <subfield code="a">McKenzie, A. E. E.</subfield>
    <subfield code="9">104019</subfield>
  </datafield>
  <datafield tag="245" ind1="1" ind2="2">
    <subfield code="a">A second course of electricity /</subfield>
    <subfield code="c">A.E.E. McKenzie</subfield>
  </datafield>
  <datafield tag="250" ind1=" " ind2=" ">
    <subfield code="b">revised by J. Jenkins and W. H. Jarvis.</subfield>
  </datafield>
  <datafield tag="260" ind1=" " ind2=" ">
    <subfield code="a">London,</subfield>
    <subfield code="b">Cambridge University Press,</subfield>
    <subfield code="c">1957.</subfield>
  </datafield>
  <datafield tag="300" ind1=" " ind2=" ">
    <subfield code="a">xi, 317 p.:</subfield>
    <subfield code="b">illus., ports.</subfield>
    <subfield code="c">23 cm.</subfield>
  </datafield>
  <datafield tag="505" ind1=" " ind2=" ">
    <subfield code="a">The Electric Current (Page-1), Electrical Measurements (Page-16), Magnetic Flux (Page-41), Magnetic Material (Page-76), Magnetic Moment . The Earth&#x2019;s Magnetic Field (Page-98), Electrolysis (Page-120), Cells (Page-132), Qualitative Electrostatics (Page-146), Quantitative Electrostatics (Page-165),  Electromagnetic Induction (Page-187), Absolute Measurement . Dimensions (Page-206), Alternating Current (Page-213), Thermoelectric, Photoelectric and Thermionic Effects (Page-228), Radio Transmission and Reception (Page-251), Atomic Physics (Page-272).          </subfield>
  </datafield>
  <datafield tag="650" ind1=" " ind2="0">
    <subfield code="a">Electricity.</subfield>
    <subfield code="9">39895</subfield>
  </datafield>
  <datafield tag="650" ind1=" " ind2="0">
    <subfield code="a">Magnetism.</subfield>
    <subfield code="9">39896</subfield>
  </datafield>
  <datafield tag="700" ind1="1" ind2=" ">
    <subfield code="a">Jarvis, W. H.</subfield>
    <subfield code="9">104020</subfield>
  </datafield>
  <datafield tag="700" ind1="1" ind2=" ">
    <subfield code="a">Jenkins, John,</subfield>
    <subfield code="9">104021</subfield>
  </datafield>
  <datafield tag="942" ind1=" " ind2=" ">
    <subfield code="2">ddc</subfield>
    <subfield code="c">BK</subfield>
    <subfield code="k">537,MCK</subfield>
  </datafield>
  <datafield tag="999" ind1=" " ind2=" ">
    <subfield code="c">184216</subfield>
    <subfield code="d">184216</subfield>
  </datafield>
  <datafield tag="952" ind1=" " ind2=" ">
    <subfield code="0">0</subfield>
    <subfield code="1">0</subfield>
    <subfield code="2">ddc</subfield>
    <subfield code="4">0</subfield>
    <subfield code="7">0</subfield>
    <subfield code="a">MCS</subfield>
    <subfield code="b">MCS</subfield>
    <subfield code="c">GEN</subfield>
    <subfield code="d">2016-12-12</subfield>
    <subfield code="o">537,MCK</subfield>
    <subfield code="p">MCS5284</subfield>
    <subfield code="r">2016-12-08</subfield>
    <subfield code="w">2016-12-12</subfield>
    <subfield code="y">BK</subfield>
    <subfield code="z">Almirah No.16, Shelf No.4</subfield>
  </datafield>
</record>
